000 01186naa a22003137a 4500
001 BR8708551
003 BR-BrBNA
005 20250721154548.0
007 ta
008 250630b bl.|||m| |||| 00| 0 por d
040 _aBR-BrBNA
_bpor
_cBiblioteca Nacional de Agricultura
041 _a(Pt)
072 _aF30
_b0180
090 _aF30 BR8708551
100 1 _aLazzarotto, C.
100 1 _aSouza, P.G.
100 1 _aSilva, A.A. da
111 1 _a3. Reuniao da Comissao Centro-Sul-Brasileira de Pesquisa de Trigo
_cCascavel, PR (Brazil)
_d19-23 Jan 1987
245 1 _aProjeto 004.85.806-4 - Multiplicacao de germoplasma de trigo. 1. Mutiplicacao de germoplasma de trigo
500 _aResultados de pesquisa com trigo - 1986 Dourados, MS (Brasil): 1987. p. 77-81 (BR8708551-AMS)
773 0 _tResultados de pesquisa com trigo - 1986
_wF30 BR8708551
_gDourados, MS (Brasil), 1987. p. 77-81
650 _aTRIGO
650 _aLINHAGEM
650 _aGERMOPLASMA
650 _aVARIEDADE
490 _aDocumentos - Unidade de Execucao de Pesquisa de Ambito Estadual de Dourados (Brazil)
_vno. 28
_xISSN 0102-5651
942 _cAMS
_2AGRIS
909 _a202506
_bLúcia
_c55
_dLúcia Elande
999 _c335661
_d335661